[Event "XI Festival Ducale A"]
[Site "Genova ITA"]
[Date "2003.09.26"]
[Round "7"]
[White "Astengo, Marcello"]
[Black "Nilsson, Lars Kjoller"]
[Result "1-0"]
[WhiteElo "2070"]
[BlackElo "2050"]
[PlyCount "83"]
[EventDate "2003.09.21"]

1. d4 Nf6 2. c4 Nc6 3. Nc3 e5 4. d5 Ne7 5. Nf3 Ng6 6. h4 h5 7. Bg5 Bb4 8. Qb3
Bxc3+ 9. Qxc3 d6 10. Qc2 Qe7 11. Nd2 Nf8 12. f3 N8h7 13. Be3 O-O 14. Bf2 e4 15.
Bd4 Bf5 16. e3 c5 17. dxc6 bxc6 18. fxe4 Nxe4 19. Bd3 Rfe8 20. O-O-O d5 21.
Rdf1 Bg6 22. Bxe4 Bxe4 23. Nxe4 Qxe4 24. Qxe4 Rxe4 25. cxd5 c5 26. Bc3 Rxe3 27.
Re1 Rae8 28. Rxe3 Rxe3 29. Re1 Rxe1+ 30. Bxe1 Nf6 31. Bf2 Ne4 32. Be3 Kf8 33.
Kc2 Ke7 34. Kd3 f5 35. Kc4 Kd6 36. Bf4+ Kd7 37. Kb5 Nf2 38. Bb8 Nd3 39. b3 Kc8
40. Bxa7 Nf4 41. Kc6 Nd3 42. Bxc5 1-0

[Event "XI Festival Ducale A"]
[Site "Genova ITA"]
[Date "2003.09.26"]
[Round "7"]
[White "Bertino, Andrea"]
[Black "Puglisi, Vincenzo"]
[Result "1-0"]
[WhiteElo "2016"]
[BlackElo "2089"]
[PlyCount "55"]
[EventDate "2003.09.21"]

1. d4 d5 2. c4 c6 3. Nf3 Nf6 4. Nc3 a6 5. c5 g6 6. Bf4 Bg7 7. e3 O-O 8. h3 Re8
9. Be2 Nfd7 10. b4 e5 11. dxe5 Nxe5 12. Nd4 Nbd7 13. O-O Qf6 14. Qd2 g5 15. Bh2
Ng6 16. Rad1 a5 17. a3 axb4 18. axb4 Ndf8 19. Bf3 Nh4 20. Bxd5 cxd5 21. Nxd5
Qd8 22. Nc7 Bxh3 23. gxh3 Qxd4 24. Qxd4 Nf3+ 25. Kg2 Nxd4 26. Nxe8 Rxe8 27.
exd4 Re4 28. Rfe1 1-0

[Event "XI Festival Ducale A"]
[Site "Genova ITA"]
[Date "2003.09.26"]
[Round "7"]
[White "Delchev, Aleksander"]
[Black "Mrdja, Milan"]
[Result "1-0"]
[WhiteElo "2572"]
[BlackElo "2384"]
[PlyCount "79"]
[EventDate "2003.09.21"]

1. d4 g6 2. e4 Bg7 3. Nf3 c6 4. c4 d5 5. cxd5 cxd5 6. e5 Nc6 7. Bb5 Bd7 8. Nc3
e6 9. O-O Nge7 10. Bf4 h6 11. h4 Nf5 12. g3 Qb6 13. Bxc6 Bxc6 14. Qd2 Bf8 15.
Kg2 Be7 16. Rh1 a5 17. g4 Nxh4+ 18. Nxh4 g5 19. Bg3 gxh4 20. Bxh4 Bf8 21. f3
Rg8 22. Bf6 Rc8 23. Rac1 Kd7 24. Ne2 Bb4 25. Qe3 Bb5 26. a3 Bxe2 27. Qxe2 Be7
28. Bxe7 Kxe7 29. Qd2 Rc4 30. Rxc4 dxc4 31. Rxh6 Qc6 32. Kg3 Qd5 33. Rh7 Ke8
34. Qf4 Rf8 35. a4 Qc6 36. Rh1 Qxa4 37. d5 Qb5 38. d6 f6 39. exf6 Qxb2 40. d7+
1-0

[Event "XI Festival Ducale A"]
[Site "Genova ITA"]
[Date "2003.09.26"]
[Round "7"]
[White "Djingarova, Emilia"]
[Black "Gromovs, Sergejs"]
[Result "1/2-1/2"]
[WhiteElo "2300"]
[BlackElo "2345"]
[PlyCount "116"]
[EventDate "2003.09.21"]

1. e4 e5 2. Bc4 Nf6 3. d3 c6 4. Nf3 d5 5. Bb3 Bd6 6. exd5 cxd5 7. O-O O-O 8.
Nc3 e4 9. dxe4 dxe4 10. Ng5 Bf5 11. Nb5 Bc7 12. Qxd8 Bxd8 13. Nd6 Bg6 14. Nxb7
Bc7 15. Nc5 Nc6 16. Nce6 fxe6 17. Nxe6 Bb6 18. Nxf8+ Kxf8 19. Bf4 Rd8 20. c3
Bh5 21. h3 h6 22. g4 Bf7 23. Bxf7 Kxf7 24. Rfe1 g5 25. Be3 Bxe3 26. Rxe3 Ne5
27. b3 Rd2 28. c4 Rc2 29. a4 a5 30. Rd1 Nd3 31. Rf1 Nf4 32. Ra1 Kg6 33. b4 Rxc4
34. bxa5 Rc5 35. a6 Ra5 36. a7 Rxa7 37. a5 Ra6 38. Rb3 N6d5 39. Ra4 Kf6 40. Kh2
Ke5 41. Rb8 Ne6 42. Kg3 Nec7 43. Rf8 Nf6 44. Rh8 Nfd5 45. Rf8 Nf6 46. Rh8 Nfd5
47. Rf8 Nc3 48. Rf5+ Ke6 49. Ra3 N7d5 50. Kh2 Nb5 51. Ra4 Nd6 52. Rf8 Nc3 53.
Ra1 Ke5 54. Rb8 Nd5 55. Ra4 Nc3 56. Ra1 Nd5 57. Ra4 Nc3 58. Ra1 Nd5 1/2-1/2

[Event "XI Festival Ducale A"]
[Site "Genova ITA"]
[Date "2003.09.26"]
[Round "7"]
[White "Erlandsen, Carsten"]
[Black "Benaglia, Giovanni"]
[Result "1/2-1/2"]
[WhiteElo "2142"]
[BlackElo "2062"]
[PlyCount "85"]
[EventDate "2003.09.21"]

1. d4 f5 2. c4 Nf6 3. g3 g6 4. Bg2 Bg7 5. Nf3 d6 6. O-O O-O 7. Nc3 Qe8 8. d5 a5
9. Rb1 Na6 10. Nd4 Bd7 11. b3 Nc5 12. Bb2 g5 13. a3 Qh5 14. b4 axb4 15. axb4
Na4 16. Nxa4 Bxa4 17. Qd3 Bd7 18. f3 f4 19. Nf5 Bxf5 20. Qxf5 Qg6 21. Bh3 Qxf5
22. Bxf5 Nh5 23. g4 Bxb2 24. Rxb2 Ng7 25. Be4 Ra3 26. Rc1 Rfa8 27. c5 Ne8 28.
Kg2 Kg7 29. cxd6 cxd6 30. Rbc2 Rb3 31. Rc8 Rxc8 32. Rxc8 Nf6 33. Rc7 Nxe4 34.
fxe4 Rxb4 35. Rxe7+ Kg8 36. e5 dxe5 37. Rxe5 h6 38. Re7 Rd4 39. Rxb7 Rxd5 40.
Rb6 Kg7 41. Rb7+ Kg6 42. Rb6+ Kg7 43. Rb7+ 1/2-1/2

[Event "XI Festival Ducale A"]
[Site "Genova ITA"]
[Date "2003.09.26"]
[Round "7"]
[White "Jaksland, Tim"]
[Black "Cirabisi, Federico"]
[Result "1-0"]
[WhiteElo "2285"]
[BlackElo "2109"]
[PlyCount "69"]
[EventDate "2003.09.21"]

1. e4 Nf6 2. Nc3 d5 3. e5 Ne4 4. Nce2 d4 5. c3 dxc3 6. bxc3 Nc5 7. d4 Nca6 8.
Ng3 g6 9. Nf3 c5 10. Bc4 Bg7 11. h4 Nc7 12. Ng5 Be6 13. Nxe6 fxe6 14. h5 Nc6
15. Be3 h6 16. hxg6 Qd7 17. Nh5 Rg8 18. Nxg7+ Rxg7 19. Rxh6 O-O-O 20. Rc1 Kb8
21. Qh5 Nd5 22. Rh7 Rgg8 23. g7 cxd4 24. cxd4 Na5 25. Be2 Rc8 26. Rxc8+ Qxc8
27. Rh8 Qc3+ 28. Bd2 Qa1+ 29. Bd1 Nc4 30. Rxg8+ Kc7 31. Rc8+ Kxc8 32. g8=Q+ Kc7
33. Qhe8 Qxd4 34. Qd8+ Kc6 35. Qxe6+ 1-0

[Event "XI Festival Ducale A"]
[Site "Genova ITA"]
[Date "2003.09.26"]
[Round "7"]
[White "Miladinovic, Igor"]
[Black "Di Paolo, Raffaele"]
[Result "1-0"]
[WhiteElo "2609"]
[BlackElo "2323"]
[PlyCount "57"]
[EventDate "2003.09.21"]

1. d4 e6 2. e4 d5 3. Nc3 Bb4 4. Nge2 dxe4 5. a3 Bxc3+ 6. Nxc3 Nc6 7. Be3 Nf6 8.
Bb5 Bd7 9. Bg5 a6 10. Bc4 h6 11. Bh4 b5 12. Ba2 b4 13. axb4 Nxb4 14. Bb3 Bc6
15. Ra5 Nbd5 16. Rc5 Nxc3 17. bxc3 Qd7 18. Qa1 O-O 19. Bxf6 gxf6 20. Qc1 Kg7
21. h4 Rh8 22. Qf4 h5 23. Rh3 Rh6 24. Rg3+ Kh7 25. Rxh5 Rxh5 26. Qg4 Rg5 27.
hxg5 f5 28. Qh4+ Kg8 29. g6 1-0

[Event "XI Festival Ducale A"]
[Site "Genova ITA"]
[Date "2003.09.26"]
[Round "7"]
[White "Naumkin, Igor"]
[Black "Durdevic, Radoslav"]
[Result "1-0"]
[WhiteElo "2406"]
[BlackElo "2114"]
[PlyCount "73"]
[EventDate "2003.09.21"]

1. d4 d5 2. c4 e6 3. Nf3 c6 4. Bg5 Be7 5. Bxe7 Nxe7 6. e3 O-O 7. Nc3 f5 8. Bd3
Nd7 9. O-O Nf6 10. Rc1 Qe8 11. b4 Bd7 12. a4 Ne4 13. Ne5 Ng6 14. Ne2 Nxe5 15.
dxe5 Qe7 16. f3 Ng5 17. Qb3 Rab8 18. b5 Nf7 19. f4 Rfc8 20. Rc3 dxc4 21. Bxc4
c5 22. Rd3 Rc7 23. Rfd1 Re8 24. Ng3 Bc8 25. e4 g6 26. exf5 exf5 27. e6 Bxe6 28.
Re1 Nd8 29. Rde3 Kf7 30. Bxe6+ Nxe6 31. Rxe6 Qxe6 32. Rxe6 Rxe6 33. Ne2 c4 34.
Qc2 Kg7 35. Qc3+ Kh6 36. Nd4 Re4 37. Nxf5+ 1-0

[Event "XI Festival Ducale A"]
[Site "Genova ITA"]
[Date "2003.09.26"]
[Round "7"]
[White "Piccardo, Marco"]
[Black "Passerotti, Pierluigi"]
[Result "1-0"]
[WhiteElo "2186"]
[BlackElo "2287"]
[PlyCount "65"]
[EventDate "2003.09.21"]

1. d4 f5 2. Nf3 Nf6 3. Bf4 d6 4. e3 g6 5. Bc4 Bg7 6. h4 e6 7. h5 Nxh5 8. Rxh5
gxh5 9. Ng5 Qe7 10. Qxh5+ Kf8 11. Nc3 h6 12. Nf3 Qf7 13. Qh4 Nc6 14. O-O-O Bd7
15. Nb5 Rc8 16. Nxc7 Qe7 17. Qh2 e5 18. Nh4 Qf6 19. Nd5 Qf7 20. Nb6 Be6 21.
Nxc8 Bxc4 22. Nxd6 Qe6 23. dxe5 Be2 24. Rd2 Bg4 25. b3 Kg8 26. f3 Nxe5 27. fxg4
Nxg4 28. Qg3 Qf6 29. Rd4 h5 30. Nhxf5 Bf8 31. Rc4 Rh7 32. Qf3 Qe6 33. Qe4 1-0

[Event "XI Festival Ducale A"]
[Site "Genova ITA"]
[Date "2003.09.26"]
[Round "7"]
[White "Rodriguez Alvarez, Alan"]
[Black "De Vita, Igor"]
[Result "0-1"]
[WhiteElo "2055"]
[BlackElo "2158"]
[PlyCount "44"]
[EventDate "2003.09.21"]

1. d4 d5 2. c4 c6 3. e3 e6 4. Nc3 Nf6 5. Nf3 Nbd7 6. Qc2 Bd6 7. Bd3 O-O 8. O-O
Re8 9. e4 dxe4 10. Nxe4 Nxe4 11. Bxe4 Nf6 12. Bd3 c5 13. dxc5 Bxc5 14. Bg5 h6
15. Bh4 Be7 16. Rad1 Qc7 17. Rfe1 Nd7 18. Bg3 Qc5 19. Ne5 Nf6 20. b4 Qxb4 21.
Rb1 Qa5 22. Rb5 Qxe1+ 0-1

[Event "XI Festival Ducale A"]
[Site "Genova ITA"]
[Date "2003.09.26"]
[Round "7"]
[White "Zimmermann, Paul"]
[Black "Massa, Giovanni"]
[Result "1-0"]
[WhiteElo "2229"]
[BlackElo "2136"]
[PlyCount "41"]
[EventDate "2003.09.21"]

1. d4 Nf6 2. Nf3 g6 3. c4 Bg7 4. Nc3 d5 5. e3 O-O 6. Qb3 c6 7. Bd3 e6 8. O-O
Nbd7 9. Bd2 b6 10. cxd5 exd5 11. Rac1 Bb7 12. Bb1 Re8 13. Ne2 Ne4 14. Rfd1 Rc8
15. Be1 Qf6 16. Nf4 Bf8 17. Bb4 Bh6 18. Bxe4 dxe4 19. Ne5 Nxe5 20. dxe5 Qxe5
21. Rd7 1-0

[Event "XI Festival Ducale A"]
[Site "Genova ITA"]
[Date "2003.09.27"]
[Round "8"]
[White "Antoniacci, Riccardo"]
[Black "Olsen, Peter Erik"]
[Result "0-1"]
[WhiteElo "2041"]
[BlackElo "2261"]
[PlyCount "39"]
[EventDate "2003.09.21"]

1. e4 d5 2. exd5 Qxd5 3. Nc3 Qa5 4. d4 Nf6 5. Bc4 Nc6 6. Nf3 Bg4 7. Be3 O-O-O
8. h3 Bh5 9. g4 Bg6 10. O-O e5 11. a3 exd4 12. Nxd4 Nxd4 13. Bxd4 h5 14. Bb5 c5
15. b4 Qc7 16. bxc5 Bxc5 17. Ne2 Bxd4 18. Nxd4 hxg4 19. Be2 Qf4 20. Bd3 0-1

[Event "XI Festival Ducale A"]
[Site "Genova ITA"]
[Date "2003.09.27"]
[Round "8"]
[White "Araniti, Michelangelo"]
[Black "Rivara, Massimo"]
[Result "0-1"]
[WhiteElo "1606"]
[BlackElo "1927"]
[PlyCount "56"]
[EventDate "2003.09.21"]

1. Nf3 c5 2. e4 d6 3. h3 Nf6 4. Nc3 a6 5. d4 cxd4 6. Nxd4 e5 7. Nf3 h6 8. Bd3
Be7 9. Be3 b5 10. a3 Bb7 11. Qd2 Nbd7 12. O-O O-O 13. Rad1 Nc5 14. Bxc5 dxc5
15. Rfe1 Qc7 16. Nd5 Nxd5 17. exd5 Rad8 18. c4 bxc4 19. Bxc4 Bd6 20. Qc3 Rde8
21. Qd3 Bc8 22. Nd2 f5 23. f3 e4 24. fxe4 fxe4 25. Qe2 Qd8 26. Nxe4 Qh4 27. Qc2
Rxe4 28. Qxe4 Qg3 0-1

[Event "XI Festival Ducale A"]
[Site "Genova ITA"]
[Date "2003.09.27"]
[Round "8"]
[White "Capurro, Giuliano"]
[Black "Fossati, Remigio"]
[Result "1/2-1/2"]
[WhiteElo "2039"]
[BlackElo "2201"]
[PlyCount "49"]
[EventDate "2003.09.21"]

1. e4 c5 2. d3 Nc6 3. g3 e6 4. Nc3 g6 5. Bg2 Bg7 6. Be3 d6 7. Nge2 Nge7 8. O-O
O-O 9. Qd2 a6 10. Rad1 b5 11. d4 cxd4 12. Nxd4 Ne5 13. Qc1 Bb7 14. Bh6 Rc8 15.
Bxg7 Kxg7 16. a3 Nc4 17. Nde2 Qc7 18. b3 Nb6 19. Qe3 d5 20. Rd2 dxe4 21. Bxe4
Nbd5 22. Bxd5 Nxd5 23. Nxd5 Bxd5 24. Nf4 Ba8 25. Nh5+ 1/2-1/2

[Event "XI Festival Ducale A"]
[Site "Genova ITA"]
[Date "2003.09.27"]
[Round "8"]
[White "Delchev, Aleksander"]
[Black "Miladinovic, Igor"]
[Result "1-0"]
[WhiteElo "2572"]
[BlackElo "2609"]
[PlyCount "83"]
[EventDate "2003.09.21"]

1. e4 c5 2. Nf3 Nc6 3. d4 cxd4 4. Nxd4 Qc7 5. Nb5 Qb8 6. Bd3 b6 7. O-O Nf6 8.
f4 e5 9. N1c3 a6 10. Na3 Bxa3 11. bxa3 Ne7 12. Rb1 O-O 13. Qe1 Ng6 14. fxe5
Qxe5 15. Rf5 Qe6 16. Be3 b5 17. Bd4 Ne8 18. a4 Nd6 19. Rg5 h6 20. Rd5 Bb7 21.
Qg3 Bxd5 22. exd5 Qe7 23. Bc5 Ne5 24. Re1 Rfe8 25. Rxe5 Qxe5 26. Qxe5 Rxe5 27.
Bxd6 Rg5 28. axb5 axb5 29. Bxb5 Rc8 30. Bb4 Rg4 31. Ba5 Ra8 32. h3 Rg3 33. Bb4
Rc8 34. Bd3 f5 35. a4 Rg6 36. a5 Rb8 37. Nb5 Rf6 38. d6 Ra8 39. Nc7 Rb8 40. c3
Rff8 41. Bc4+ Kh7 42. a6 1-0

[Event "XI Festival Ducale A"]
[Site "Genova ITA"]
[Date "2003.09.27"]
[Round "8"]
[White "Di Paolo, Raffaele"]
[Black "Zimmermann, Paul"]
[Result "1/2-1/2"]
[WhiteElo "2323"]
[BlackElo "2229"]
[PlyCount "127"]
[EventDate "2003.09.21"]

1. e4 c6 2. d4 d5 3. e5 Bf5 4. Nf3 e6 5. Be2 Nd7 6. O-O Ne7 7. b3 h6 8. c4 Qc7
9. Nc3 g5 10. Bb2 Ng6 11. Rc1 dxc4 12. bxc4 Qb6 13. Na4 Qa5 14. g3 g4 15. Ne1
h5 16. Nd3 b5 17. cxb5 cxb5 18. Nac5 Nxc5 19. Nxc5 Bh6 20. Bc3 Qb6 21. Bd2 Bxd2
22. Qxd2 Rd8 23. Qb4 O-O 24. Rfd1 a6 25. a4 Rd5 26. axb5 axb5 27. Qxb5 Qxb5 28.
Bxb5 Rdd8 29. Nb7 Nxe5 30. Nxd8 Nf3+ 31. Kf1 Rxd8 32. Rc4 Nxh2+ 33. Ke2 Nf3 34.
Bc6 Ng5 35. Rh1 Bg6 36. Ke3 Kg7 37. Ra1 Rb8 38. Rc3 Rb2 39. Bg2 Kf6 40. Ra6 Kg7
41. Ra7 Kf6 42. Rb7 Ra2 43. d5 exd5 44. Bxd5 Ra5 45. Rc6+ Kg7 46. Rd6 Ra1 47.
Rdd7 Re1+ 48. Kd2 Rf1 49. Ke2 Ra1 50. Ra7 Rc1 51. Rdc7 Rb1 52. Ra5 Rb2+ 53. Ke3
Kh6 54. Bc4 Rb8 55. Kf4 Ne6+ 56. Bxe6 fxe6 57. Ra2 Bf5 58. Ke5 Kg6 59. Raa7
Rb5+ 60. Kd4 Rd5+ 61. Ke3 Kf6 62. Rg7 Re5+ 63. Kd2 Rd5+ 64. Ke2 1/2-1/2

[Event "XI Festival Ducale A"]
[Site "Genova ITA"]
[Date "2003.09.27"]
[Round "8"]
[White "Gentile, Claudio"]
[Black "Astengo, Marcello"]
[Result "1-0"]
[WhiteElo "2158"]
[BlackElo "2070"]
[PlyCount "55"]
[EventDate "2003.09.21"]

1. e4 c6 2. d4 d5 3. exd5 cxd5 4. Nf3 Qb6 5. Nc3 Nf6 6. Be2 Nc6 7. O-O g6 8.
Bg5 Be6 9. Bxf6 exf6 10. Na4 Qa5 11. c3 Rc8 12. Qb3 Qc7 13. Rfe1 b6 14. Ba6 Rd8
15. c4 Be7 16. c5 O-O 17. cxb6 axb6 18. Rac1 Qd6 19. Qxb6 Nb4 20. Bf1 Nxa2 21.
Rc6 Qf4 22. Nc5 Rb8 23. Nxe6 fxe6 24. Qa7 e5 25. Qxa2 Rbd8 26. dxe5 f5 27. Rd1
Qe4 28. Rd4 1-0

[Event "XI Festival Ducale A"]
[Site "Genova ITA"]
[Date "2003.09.27"]
[Round "8"]
[White "Gromovs, Sergejs"]
[Black "Naumkin, Igor"]
[Result "0-1"]
[WhiteElo "2345"]
[BlackElo "2406"]
[PlyCount "45"]
[EventDate "2003.09.21"]

1. d4 Nf6 2. c4 e6 3. Nc3 Bb4 4. a3 Bxc3+ 5. bxc3 c5 6. d5 d6 7. Qa4+ Nbd7 8.
Bf4 e5 9. Bg5 O-O 10. e4 h6 11. Bxf6 Nxf6 12. f3 Nh5 13. O-O-O Bd7 14. Qb3 Qa5
15. Rd2 Ba4 16. Qb2 Rab8 17. g3 b5 18. Qa1 bxc4 19. Bxc4 Rb7 20. Ne2 Rfb8 21.
Ra2 Qd8 22. h4 Qf6 23. Rf1 0-1

[Event "XI Festival Ducale A"]
[Site "Genova ITA"]
[Date "2003.09.27"]
[Round "8"]
[White "Maiori, Nicola"]
[Black "Carzolio, Luigi"]
[Result "0-1"]
[WhiteElo "1693"]
[BlackElo "2042"]
[PlyCount "64"]
[EventDate "2003.09.21"]

1. c4 b6 2. Nc3 Bb7 3. Nf3 e6 4. d4 Bb4 5. Bd2 Nf6 6. e3 O-O 7. Bd3 c5 8. a3
Bxc3 9. Bxc3 cxd4 10. exd4 d5 11. c5 Nbd7 12. b4 Ne4 13. Bxe4 dxe4 14. Nd2 e3
15. Nf3 exf2+ 16. Kxf2 Nf6 17. Re1 Ne4+ 18. Rxe4 Bxe4 19. Qe2 Bd5 20. Ne5 f6
21. Nc4 Qc7 22. Nd6 a5 23. Kg1 axb4 24. Bxb4 bxc5 25. Bxc5 Rfb8 26. a4 Qa5 27.
h3 Qc3 28. Ra2 Bxa2 29. Qxa2 Qb3 30. Qe2 Rxa4 31. Qh5 Qe3+ 32. Kh2 Qf4+ 0-1

[Event "XI Festival Ducale A"]
[Site "Genova ITA"]
[Date "2003.09.27"]
[Round "8"]
[White "Massa, Giovanni"]
[Black "Erlandsen, Carsten"]
[Result "1-0"]
[WhiteElo "2136"]
[BlackElo "2142"]
[PlyCount "119"]
[EventDate "2003.09.21"]

1. e4 c5 2. Nf3 d6 3. d4 cxd4 4. Nxd4 Nf6 5. Nc3 a6 6. f3 e5 7. Nb3 Be6 8. Be3
Nbd7 9. Qd2 Rc8 10. g4 Nb6 11. g5 Nfd7 12. O-O-O Be7 13. h4 O-O 14. h5 f5 15.
gxf6 Nxf6 16. h6 g6 17. Bh3 Bxh3 18. Bxb6 Qxb6 19. Rxh3 Qc7 20. f4 exf4 21. Nd4
Qd7 22. Rd3 b5 23. Re1 Rf7 24. e5 dxe5 25. Nf3 Qf5 26. Rxe5 Qg4 27. Ng5 b4 28.
Ne2 Ne4 29. Nxe4 f3 30. N2g3 Bh4 31. Nf1 Rfc7 32. c3 bxc3 33. Nxc3 Qg2 34. Ne3
Qxd2+ 35. Kxd2 Bf6 36. Red5 Re8 37. Ng4 Bxc3+ 38. Rxc3 Re2+ 39. Kd3 Rxc3+ 40.
Kxc3 Rg2 41. Ne5 Kf8 42. Nxf3 Rg3 43. Rd3 Rh3 44. Ng5 Rxh6 45. Rh3 Rxh3+ 46.
Nxh3 Ke7 47. Kd4 Kf6 48. Ke4 g5 49. Nf2 h5 50. Nd3 h4 51. Nc5 h3 52. Kf3 a5 53.
Nb7 a4 54. a3 g4+ 55. Kg3 Ke5 56. Nc5 Kd4 57. Nxa4 Ke3 58. Nc3 h2 59. Nd1+ Ke2
60. Kxh2 1-0

[Event "XI Festival Ducale A"]
[Site "Genova ITA"]
[Date "2003.09.27"]
[Round "8"]
[White "Mrdja, Milan"]
[Black "Jaksland, Tim"]
[Result "1-0"]
[WhiteElo "2384"]
[BlackElo "2285"]
[PlyCount "77"]
[EventDate "2003.09.21"]

1. e4 d5 2. Nc3 dxe4 3. Nxe4 Nf6 4. Nxf6+ exf6 5. d4 Bd6 6. Be3 O-O 7. Bd3 Re8
8. Ne2 Bg4 9. c3 f5 10. Qd2 Qe7 11. g3 Nd7 12. O-O-O Nf6 13. Rde1 Bf3 14. Rhg1
Ng4 15. Bxf5 Nxe3 16. fxe3 Qxe3 17. Nf4 Qxd2+ 18. Kxd2 g6 19. Bd3 Kf8 20. Rgf1
Bxf4+ 21. gxf4 Rxe1 22. Rxe1 Re8 23. Rxe8+ Kxe8 24. Ke3 Bg2 25. c4 Ke7 26. d5
a5 27. Kd4 b6 28. c5 Bh3 29. d6+ cxd6 30. cxb6 Kd7 31. Bb5+ Kc8 32. Bc6 Be6 33.
a4 h6 34. b4 Bd7 35. b7+ Kc7 36. Bxd7 axb4 37. Bc6 g5 38. a5 b3 39. Kc3 1-0

[Event "XI Festival Ducale A"]
[Site "Genova ITA"]
[Date "2003.09.27"]
[Round "8"]
[White "Nilsson, Lars Kjoller"]
[Black "Morselli, Stefano"]
[Result "0-1"]
[WhiteElo "2050"]
[BlackElo "1756"]
[PlyCount "58"]
[EventDate "2003.09.21"]

1. e4 g6 2. d4 Bg7 3. Nc3 d6 4. Be3 Nf6 5. f3 c6 6. Bd3 b5 7. Qd2 e5 8. Nce2
Bd7 9. a4 a5 10. dxe5 dxe5 11. Bc5 Qc7 12. c3 Na6 13. Be3 O-O 14. b4 Rfd8 15.
axb5 cxb5 16. Rxa5 Be6 17. Qc2 Qd6 18. Nc1 Bc4 19. Bxc4 bxc4 20. Kf2 Nh5 21.
Nh3 Nf4 22. Re1 Bf6 23. Kg1 Nxb4 24. cxb4 Qxb4 25. Bd2 Rxd2 26. Rxa8+ Kg7 27.
Qa4 Qc5+ 28. Kf1 Nxh3 29. Re2 Qg1# 0-1

[Event "XI Festival Ducale A"]
[Site "Genova ITA"]
[Date "2003.09.27"]
[Round "8"]
[White "Passerotti, Pierluigi"]
[Black "Cirabisi, Federico"]
[Result "1-0"]
[WhiteElo "2287"]
[BlackElo "2109"]
[PlyCount "49"]
[EventDate "2003.09.21"]

1. d4 d5 2. c4 e6 3. Nc3 f5 4. Bf4 Nf6 5. e3 c6 6. Nf3 Be7 7. Bd3 O-O 8. h3 Ne4
9. g4 Na6 10. a3 Qa5 11. Rc1 Bd7 12. gxf5 exf5 13. cxd5 Rac8 14. Bxe4 fxe4 15.
Ne5 Bf5 16. dxc6 Rxc6 17. Nxc6 bxc6 18. Qa4 Qb6 19. Qc4+ Kh8 20. b4 Nc7 21. Na4
Qb8 22. Qxc6 Bxb4+ 23. axb4 Qxb4+ 24. Qc3 Qxa4 25. Bxc7 1-0

[Event "XI Festival Ducale A"]
[Site "Genova ITA"]
[Date "2003.09.27"]
[Round "8"]
[White "Puglisi, Vincenzo"]
[Black "Pesco, Giuseppe"]
[Result "0-1"]
[WhiteElo "2089"]
[BlackElo "1767"]
[PlyCount "35"]
[EventDate "2003.09.21"]

1. e4 d6 2. d4 Nf6 3. Bd3 g6 4. Nf3 Bg7 5. c3 Nbd7 6. O-O O-O 7. e5 Ne8 8. Qe2
Nb6 9. Rd1 Bg4 10. h3 Bxf3 11. Qxf3 c6 12. Qg3 dxe5 13. dxe5 Qc7 14. Bf4 Nd5
15. Re1 Nxf4 16. Qxf4 Rd8 17. Bc4 Nf6 18. Qe4 0-1

[Event "XI Festival Ducale A"]
[Site "Genova ITA"]
[Date "2003.09.27"]
[Round "8"]
[White "Rinaldi, Fausto"]
[Black "Paganetto, Ivano"]
[Result "1/2-1/2"]
[WhiteElo "1648"]
[BlackElo "1783"]
[PlyCount "71"]
[EventDate "2003.09.21"]

1. d4 d5 2. c4 c6 3. Nc3 Nf6 4. e3 g6 5. Nf3 Bg7 6. Bd3 O-O 7. O-O b6 8. Qe2
Bb7 9. e4 dxe4 10. Nxe4 Nbd7 11. h3 Nxe4 12. Bxe4 Nf6 13. Bd3 Qd6 14. Be3 Rad8
15. Rfd1 Rfe8 16. Rac1 Nh5 17. Bb1 Qc7 18. Qc2 e6 19. Ng5 c5 20. dxc5 Qc6 21.
f3 Bh6 22. Qf2 bxc5 23. Ne4 Bxe3 24. Qxe3 f5 25. Nxc5 Qb6 26. Rxd8 Rxd8 27.
Qxe6+ Qxe6 28. Nxe6 Rd2 29. b3 Bc8 30. Nc5 Nf4 31. Re1 Rxg2+ 32. Kf1 Kf7 33.
Nd3 Nxd3 34. Bxd3 Rxa2 35. Re2 Rxe2 36. Kxe2 1/2-1/2

[Event "XI Festival Ducale A"]
[Site "Genova ITA"]
[Date "2003.09.27"]
[Round "8"]
[White "Roversi, Stefano"]
[Black "Scala, Roberto"]
[Result "1-0"]
[WhiteElo "2008"]
[BlackElo "1462"]
[PlyCount "31"]
[EventDate "2003.09.21"]

1. e4 b6 2. d4 Bb7 3. Nc3 e6 4. Bd3 Nc6 5. Nf3 Bb4 6. O-O Bxc3 7. bxc3 d5 8.
exd5 Qxd5 9. c4 Qd6 10. d5 exd5 11. Re1+ Nge7 12. cxd5 Qxd5 13. Ba3 f6 14. Qe2
Ne5 15. Rad1 c5 16. Bb5+ 1-0

[Event "XI Festival Ducale A"]
[Site "Genova ITA"]
[Date "2003.09.27"]
[Round "8"]
[White "Svendsen, Peter"]
[Black "Carosso, Andrea"]
[Result "1-0"]
[WhiteElo "2014"]
[BlackElo "2129"]
[PlyCount "51"]
[EventDate "2003.09.21"]

1. d4 d5 2. c4 c6 3. Nf3 Nf6 4. Nc3 e6 5. Bg5 Nbd7 6. e3 Qa5 7. Bxf6 Nxf6 8.
Nd2 Bb4 9. Qc2 O-O 10. Bd3 dxc4 11. Nxc4 Qd5 12. O-O Bxc3 13. bxc3 c5 14. e4
Qh5 15. e5 Nd7 16. Nd6 b6 17. Qa4 Rd8 18. Be4 Rb8 19. Qxa7 Qe2 20. Bc6 Qa6 21.
Qc7 Bb7 22. Bxb7 Qa7 23. Qc6 f6 24. Nc8 Qxb7 25. Qxe6+ Kh8 26. Nd6 1-0

[Event "XI Festival Ducale A"]
[Site "Genova ITA"]
[Date "2003.09.28"]
[Round "9"]
[White "Bertino, Andrea"]
[Black "Passerotti, Pierluigi"]
[Result "0-1"]
[WhiteElo "2016"]
[BlackElo "2287"]
[PlyCount "86"]
[EventDate "2003.09.21"]

1. d4 d6 2. e4 Nf6 3. Nc3 g6 4. Be3 c6 5. Qd2 b5 6. Bd3 Bb7 7. Nf3 Bg7 8. O-O
O-O 9. Rfe1 Nbd7 10. Rad1 e5 11. dxe5 dxe5 12. Bf1 Qe7 13. Bg5 Rfe8 14. a3 a5
15. Qc1 Nc5 16. h3 Ne6 17. Bh4 Qc5 18. Qe3 Nh5 19. Rd7 Rab8 20. Qc1 Nd4 21.
Nxd4 exd4 22. Nb1 Bc8 23. Rd8 Rxd8 24. Bxd8 Bxh3 25. Bxa5 Be6 26. Bb4 Qb6 27.
Be2 c5 28. Bd2 Nf6 29. Bf4 Rc8 30. Nd2 c4 31. Bf1 Nh5 32. Bh2 Bh6 33. Qd1 c3
34. bxc3 dxc3 35. Nf3 Bf8 36. Qa1 Bc5 37. Kh1 Bxf2 38. Rb1 Rc5 39. e5 Ng3+ 40.
Bxg3 Bxg3 41. a4 b4 42. a5 Rxa5 43. Qxc3 bxc3 0-1

[Event "XI Festival Ducale A"]
[Site "Genova ITA"]
[Date "2003.09.28"]
[Round "9"]
[White "Carzolio, Luigi"]
[Black "Fossati, Remigio"]
[Result "1/2-1/2"]
[WhiteElo "2042"]
[BlackElo "2201"]
[PlyCount "80"]
[EventDate "2003.09.21"]

1. b4 c5 2. bxc5 e5 3. Bb2 Nc6 4. e3 Bxc5 5. c4 Nf6 6. Nc3 d5 7. cxd5 Nxd5 8.
a3 O-O 9. Bc4 Nb6 10. Ba2 Bf5 11. Na4 Nxa4 12. Qxa4 Qg5 13. Bd5 Bd7 14. Qc2 Qe7
15. Ne2 Rac8 16. Nc3 Be6 17. Bxe6 Qxe6 18. O-O Na5 19. Qa4 Nb3 20. Rad1 Rfd8
21. Ne4 Be7 22. Bc3 Nc5 23. Nxc5 Bxc5 24. Rb1 Bb6 25. Qb3 Qxb3 26. Rxb3 Rc4 27.
Rb4 Rxb4 28. Bxb4 Rc8 29. Bc3 f6 30. Rb1 Kf7 31. Kf1 Ke6 32. Ke2 Kd5 33. a4 Kc6
34. Rc1 Kd7 35. Rb1 Rc7 36. a5 Bc5 37. g4 Kc8 38. g5 Be7 39. gxf6 gxf6 40. Rg1
Bf8 1/2-1/2

[Event "XI Festival Ducale A"]
[Site "Genova ITA"]
[Date "2003.09.28"]
[Round "9"]
[White "Di Paolo, Raffaele"]
[Black "Mrdja, Milan"]
[Result "1/2-1/2"]
[WhiteElo "2323"]
[BlackElo "2384"]
[PlyCount "109"]
[EventDate "2003.09.21"]

1. e4 g6 2. d4 Bg7 3. Nf3 d6 4. Nc3 a6 5. a4 b6 6. Bd3 e6 7. Bg5 Ne7 8. Qd2 h6
9. Be3 Bb7 10. O-O Nd7 11. h3 Nf6 12. Rae1 Nd7 13. Nh2 e5 14. d5 g5 15. Ne2 Nc5
16. Bxc5 dxc5 17. Ng3 O-O 18. c4 Bc8 19. Be2 Qd6 20. Bg4 f5 21. exf5 Nxf5 22.
Bxf5 Bxf5 23. Ng4 Bg6 24. Ne4 Qd7 25. f3 Qxa4 26. Ne3 Qd7 27. Rd1 a5 28. Qe1
Rf4 29. g3 Rf7 30. Kg2 Raf8 31. Ng4 Qa4 32. Qe2 Qd7 33. Nh2 Rf5 34. Qe3 R5f7
35. Rfe1 Bf5 36. Nf2 Re8 37. Qb3 Rb8 38. Nhg4 Re7 39. Ne4 Bxg4 40. fxg4 Ree8
41. Rf1 Rf8 42. Qd3 Rbd8 43. Rxf8+ Rxf8 44. Rf1 Rxf1 45. Qxf1 Qa4 46. Qe2 Qa2
47. Qc2 a4 48. Nc3 Qa1 49. Nxa4 e4 50. Nc3 Bxc3 51. Qxc3 Qd1 52. Qf6 Qd2+ 53.
Kh1 Qd1+ 54. Kg2 Qd2+ 55. Kh1 1/2-1/2